书目信息 |
| 题名: |
中国工业环境管理
|
|
| 作者: | 王立新 , 张仁志 , 孔繁德 编著 | |
| 分册: | ||
| 出版信息: | 北京 中国环境科学出版社 2006 |
|
| 页数: | 14,298页 | |
| 开本: | 21cm | |
| 丛书名: | ||
| 单 册: | ||
| 中图分类: | X322.2 | |
| 科图分类: | ||
| 主题词: | 工业--环境管理--研究--中国 , 工业 , 环境管理 | |
| 电子资源: | ||
| ISBN: | 7-80209-265-5 | |
| 000 | 01080nam0 2200289 450 | |
| 001 | 003180506 | |
| 005 | 20070805094553.70 | |
| 010 | @a7-80209-265-5@dCNY28.00 | |
| 100 | @a20060531d2006 em y0chiy0110 ea | |
| 101 | 0 | @achi@aeng |
| 102 | @aCN@b110000 | |
| 105 | @ay z 000yy | |
| 200 | 1 | @a中国工业环境管理@9zhong guo gong ye huan jing guan li@e[中英文本]@f王立新,张仁志,孔繁德编著 |
| 210 | @a北京@c中国环境科学出版社@d2006 | |
| 215 | @a14,298页@d21cm | |
| 312 | @a封面英文题名:Industrial environmental management of China | |
| 330 | @a本书全面地回顾了中国工业企业环境管理的历史。内容包括中国工业环境管理的发展、中国工业污染防治的管理体制、中国工业环境管理手段、中国环境保护法规与标准等。 | |
| 510 | 1 | @aIndustrial environmental management of China@zeng |
| 606 | 0 | @a工业@x环境管理@x研究@y中国 |
| 606 | 0 | @a工业 |
| 606 | 0 | @a环境管理 |
| 690 | @aX322.2@v4 | |
| 701 | 0 | @a王立新@9wang li xin@c(环境)@4编著 |
| 701 | 0 | @a张仁志@9zhang ren zhi@f(1960~)@4编著 |
| 701 | 0 | @a孔繁德@9kong fan de@4编著 |
| 801 | 0 | @aCN@bNLC@c20070805 |
| 905 | @a10447@dX322.2@e100 | |
| 中国工业环境管理:[中英文本]/王立新,张仁志,孔繁德编著.-北京:中国环境科学出版社,2006 |
| 14,298页;21cm |
| ISBN 7-80209-265-5:CNY28.00 |
| 本书全面地回顾了中国工业企业环境管理的历史。内容包括中国工业环境管理的发展、中国工业污染防治的管理体制、中国工业环境管理手段、中国环境保护法规与标准等。 |
| ● |
| 相关链接 |
|
|
|
|
正题名:中国工业环境管理
索取号:X322.2/100
 
预约/预借
| 序号 | 登录号 | 条形码 | 馆藏地/架位号 | 状态 | 备注 |
| 1 | 0807526 | 208075269 | 第二样本阅览室/ [索取号:X322.2/100] | 在馆 | |
| 2 | 0807527 | 208075278 | 第三借阅区/ [索取号:X322.2/100] | 在馆 |